000 00672nam a2200193 a 4500
001 BRCA_2068
005 20190320203645.0
008 070808s1999----mx-#---###---#000-0#spa-#
020 _a9701823648
050 4 _aHT169.M4
_b.C46 1999
245 1 0 _aLos centros históricos en nuestro tiempo
_bAcademia de Centros Históricos.
260 _aMéxico
_bSociedad Mexicana de Geografía y Estadística : CONACULTA
_c1999
300 _a190 p.
_c23 cm.
504 _aIncluye referencias bibliográficas
650 1 4 _aDistritos históricos
_zMéxico
_96289
650 1 4 _aDistritos históricos
_xGobierno
_zMéxico
_96290
650 1 4 _aNúcleos urbanos
_zMéxico
_96291
942 _2lcc
_cB
999 _c1827
_d1827